| 000 | 01009nam a2200241Ia 4500 | ||
|---|---|---|---|
| 003 | OSt | ||
| 005 | 20220918110923.0 | ||
| 006 | a|||||r|||| 00| 0 | ||
| 007 | ta | ||
| 008 | 220915b |||||||| |||| 00| 0 hin d | ||
| 020 |
_a8177146193 (hbk) _c6000 |
||
| 024 | _a245375 | ||
| 037 |
_b298, 11/03/2008, Swaraj Prakashan _cReference Collections |
||
| 040 |
_aARTS _cARTS _bhin |
||
| 041 |
_2hin _ahin |
||
| 082 | _aO152,6M83x, P7.1-.8 (RR) | ||
| 100 |
_aओम प्रकाश सिंह, संपा. _910207 |
||
| 245 | 0 | _aआचार्य रामचन्द्र शुक्ल ग्रन्थावली | |
| 246 | _aĀchārya rāmachandra shukla granthāvalī | ||
| 260 |
_aनई दिल्ली _bप्रकाशन संस्थान _c2007 |
||
| 942 |
_hO152,6M83x, P7.1-.8 (RR) _cREF |
||
| 999 |
_c115747 _d115747 |
||